Statistics for College Teams by State (Hard)

Click here to take the quiz!

General Stats

  • This quiz has been taken 21 times
  • The average score is 25 of 50

Answer Stats

HintAnswer% Correct
Rainbow WarriorsHAWAII
83%
ZipsOHIO
78%
FriarsRHODE ISLAND
78%
VandalsIDAHO
72%
Scarlett KnightsNEW JERSEY
72%
OrangeNEW YORK
72%
Thundering HerdWEST VIRGINIA
72%
AztecsCALIFORNIA
67%
Blue HensDELAWARE
67%
Green WaveLOUISIANA
67%
ChanticleersSOUTH CAROLINA
67%
CommodoresTENNESSEE
67%
CatamountsVERMONT
67%
ChippewasMICHIGAN
61%
LobosNEW MEXICO
61%
Jack RabbitsSOUTH DAKOTA
61%
Red WolvesARKANSAS
56%
OrediggersCOLORADO
56%
HilltoppersKENTUCKY
56%
Black BearsMAINE
56%
BillikensMISSOURI
56%
PiratesNORTH CAROLINA
56%
Golden HurricaneOKLAHOMA
56%
RoadrunnersTEXAS
56%
FlamesVIRGINIA
56%
BlazersALABAMA
50%
GrizzliesMONTANA
50%
RebelsNEVADA
50%
Big GreenNEW HAMPSHIRE
50%
SeawolvesALASKA
44%
OwlsFLORIDA
44%
LeathernecksILLINOIS
44%
WildcatsKANSAS
44%
CougarsUTAH
44%
CardinalsINDIANA
39%
Delta DevilsMISSISSIPPI
39%
Fighting HawksNORTH DAKOTA
39%
EaglesGEORGIA
33%
PilotsOREGON
33%
LoggersWASHINGTON
33%
PanthersIOWA
28%
EngineersMASSACHUSETTS
28%
BeaversMINNESOTA
28%
Fighting ArtichokesARIZONA
22%
Purple KnightsCONNECTICUT
22%
GriffinsPENNSYLVANIA
22%
CowboysWYOMING
22%
Blue JaysMARYLAND
17%
Prairie WolvesNEBRASKA
17%
Golden AvalancheWISCONSIN
17%

Score Distribution

Percentile by Number Answered

Percent of People with Each Score

Your Score History

You have not taken this quiz